[Event "chess.com SpeedChess Q2Sw"]
[Site "chess.com INT"]
[Date "2022.11.12"]
[Round "4"]
[White "Lazavik, Denis"]
[Black "Fernandez Guillen, Ernesto J."]
[Result "1-0"]
[WhiteTitle "IM"]
[BlackTitle "IM"]
[WhiteElo "2529"]
[BlackElo "2462"]
[WhiteFideId "13515110"]
[BlackFideId "3512428"]
[EventDate "2022.11.12"]

1. d4 Nf6 2. c4 e6 3. Nf3 d5 4. g3 b6 5. Bg2 Bb7 6. cxd5 exd5 7. O-O Be7 8. Nc3
O-O 9. Ne5 Re8 10. Bf4 Bf8 11. Rc1 h6 12. Qb3 g5 13. Be3 c5 14. Qc2 Bg7 15. Qf5
Bc8 16. Qd3 Ba6 17. Qd2 Bb7 18. Rfd1 Qe7 19. Qc2 c4 20. b3 cxb3 21. Qxb3 Nbd7
22. Nb5 Rac8 23. Rxc8 Rxc8 24. Nxa7 Ra8 25. Nac6 Qd6 26. Nxd7 Bxc6 27. Nxf6+
Bxf6 28. Qxb6 Bd8 29. Qb2 Bd7 30. Bd2 Be6 31. e3 Be7 32. Ra1 h5 33. a4 h4 34. a5
h3 35. Bf1 Bf5 36. a6 Qf6 37. Qb7 Rf8 38. Qxd5 Be6 39. Qe4 Bf5 40. Qe5 Qc6 41.
Qxf5 1-0

[Event "chess.com SpeedChess Q2Sw"]
[Site "chess.com INT"]
[Date "2022.11.12"]
[Round "4"]
[White "Atanasov, Anthony"]
[Black "Donchenko, Alexander"]
[Result "0-1"]
[WhiteTitle "FM"]
[BlackTitle "GM"]
[WhiteElo "2215"]
[BlackElo "2645"]
[WhiteFideId "2623897"]
[BlackFideId "24603295"]
[EventDate "2022.11.12"]

1. d4 Nf6 2. Nf3 g6 3. c4 Bg7 4. Nc3 O-O 5. e4 d6 6. h3 e5 7. d5 Na6 8. Be3 Nc5
9. Nd2 a5 10. g4 c6 11. Be2 Bd7 12. h4 cxd5 13. cxd5 a4 14. h5 Ne8 15. hxg6 fxg6
16. Nc4 Rc8 17. Qd2 b5 18. Bg5 Bf6 19. Bxf6 Qxf6 20. Qh6 Qxf2+ 21. Kd1 Rf7 22.
Ne3 Qf4 23. Qxf4 exf4 24. Nc2 f3 25. Bxb5 Bxb5 26. Nxb5 Nxe4 27. Rf1 f2 28. Nbd4
Ng3 29. Kd2 Nf6 30. g5 Nfe4+ 31. Ke3 Nxf1+ 32. Rxf1 Re8 33. Ne6 Nxg5 34. Nd4
Nxe6 35. dxe6 Rf6 36. b4 axb3 37. axb3 Kf8 38. b4 Ke7 39. b5 Kd8 40. Ke4 Kc7 41.
Kd5 g5 42. b6+ Kxb6 43. Kxd6 g4 44. Rb1+ Ka5 45. Kc5 Rc8+ 46. Nc6+ Rxc6+ 47.
Kxc6 f1=Q 48. Rxf1 Rxf1 0-1

[Event "chess.com SpeedChess Q2Sw"]
[Site "chess.com INT"]
[Date "2022.11.12"]
[Round "4"]
[White "Aaditya, Dhingra"]
[Black "Wagner, Dennis"]
[Result "1-0"]
[WhiteTitle "CM"]
[BlackTitle "GM"]
[WhiteElo "2172"]
[BlackElo "2580"]
[WhiteFideId "25678191"]
[BlackFideId "24650684"]
[EventDate "2022.11.12"]

1. d4 d5 2. Bf4 c5 3. e3 Nc6 4. Nf3 cxd4 5. exd4 e6 6. Bd3 Bd6 7. Bxd6 Qxd6 8.
O-O Nge7 9. c3 Bd7 10. Re1 h6 11. Nbd2 O-O 12. Qe2 f6 13. Rac1 Rae8 14. c4 Nf5
15. Nb3 Qf4 16. g3 Qg4 17. Nc5 Bc8 18. cxd5 exd5 19. Qxe8 Rxe8 20. Rxe8+ Kf7 21.
Rxc8 Qxf3 22. Bxf5 Qxf5 23. Nxb7 Kg6 24. R8xc6 h5 25. h4 Qe4 26. Nc5 Qxd4 27.
Ne6 Qxb2 28. R1c2 Qb1+ 29. Kh2 Qf1 30. Rc7 Kf5 31. Nxg7+ Kg4 32. Ne6 Qd1 33. Nf4
d4 34. Rc1 Qd2 35. R7c2 Qa5 36. Rd1 Qa4 37. Rcd2 Kf5 38. Rxd4 Qxa2 39. Rd5+ Ke4
40. Kg2 Qb2 41. Re1+ 1-0

[Event "chess.com SpeedChess Q2Sw"]
[Site "chess.com INT"]
[Date "2022.11.12"]
[Round "4"]
[White "Yeletsky, Ivan"]
[Black "Crevatin, Leo"]
[Result "1-0"]
[WhiteTitle "FM"]
[BlackTitle "FM"]
[WhiteElo "2491"]
[BlackElo "2301"]
[WhiteFideId "24180327"]
[BlackFideId "1726307"]
[EventDate "2022.11.12"]

1. Nf3 Nf6 2. g3 b5 3. Na3 a6 4. c4 b4 5. Nc2 e6 6. d3 Bb7 7. e4 c5 8. Bg2 d5 9.
cxd5 exd5 10. e5 Nfd7 11. e6 fxe6 12. Ng5 Qf6 13. O-O Be7 14. Re1 e5 15. Ne3 O-O
16. Nxd5 Qxf2+ 17. Kh1 Bxg5 18. Bxg5 Nc6 19. Re2 Qf5 20. Be3 Kh8 21. Rf2 Qg6 22.
Be4 Qd6 23. Qh5 g6 24. Rxf8+ Rxf8 25. Qh6 Ne7 26. Nxe7 Bxe4+ 27. dxe4 Qxe7 28.
Rd1 Nf6 29. Bg5 Qe8 30. Rd6 Nxe4 31. Rd7 Nf2+ 32. Kg1 Nh3+ 33. Qxh3 e4 34. Qxh7# 1-0

[Event "chess.com SpeedChess Q2Sw"]
[Site "chess.com INT"]
[Date "2022.11.12"]
[Round "4"]
[White "Svane, Rasmus"]
[Black "Fridman, Daniel"]
[Result "1-0"]
[WhiteTitle "GM"]
[BlackTitle "GM"]
[WhiteElo "2619"]
[BlackElo "2602"]
[WhiteFideId "4657101"]
[BlackFideId "11600454"]
[EventDate "2022.11.12"]

1. Nf3 d5 2. g3 Nf6 3. Bg2 e6 4. O-O c5 5. d4 Nc6 6. b3 cxd4 7. Nxd4 Bc5 8. Bb2
O-O 9. e3 Qe7 10. Nd2 e5 11. Nxc6 bxc6 12. c4 Bg4 13. Qc2 Rac8 14. Rac1 e4 15.
h3 Be2 16. Rfe1 Bd3 17. Qd1 Rfd8 18. cxd5 cxd5 19. Bf1 Bb4 20. Rxc8 Rxc8 21.
Bxf6 Qxf6 22. Bxd3 exd3 23. Qg4 Qc3 24. Rd1 g6 25. Nf3 h5 26. Qd7 Rc5 27. Qe8+
Kg7 28. Ne5 Rc7 29. Rxd3 Qe1+ 30. Kg2 Re7 31. Qb8 a5 32. Rxd5 Qe2 33. Rd8 Be1
34. Nd3 Rxe3 35. Rg8+ Kh7 36. Rh8+ Kg7 37. Qf8+ Kf6 38. Qd6+ Kf5 39. Qf4+ 1-0

[Event "chess.com SpeedChess Q2Sw"]
[Site "chess.com INT"]
[Date "2022.11.12"]
[Round "4"]
[White "Pakleza, Zbigniew"]
[Black "Chigaev, Maksim"]
[Result "0-1"]
[WhiteTitle "GM"]
[BlackTitle "GM"]
[WhiteElo "2496"]
[BlackElo "2632"]
[WhiteFideId "1119290"]
[BlackFideId "4108116"]
[EventDate "2022.11.12"]

1. d4 Nf6 2. Nf3 g6 3. Bf4 Bg7 4. e3 O-O 5. Be2 c5 6. c3 Qb6 7. Qb3 d6 8. Nbd2
Be6 9. Bc4 Bxc4 10. Nxc4 Qc7 11. O-O Nbd7 12. h3 a6 13. a4 b6 14. Rfe1 Qc6 15.
Ncd2 Ne4 16. Nxe4 Qxe4 17. Bg3 Rab8 18. Bh4 h6 19. Qa3 b5 20. axb5 axb5 21. Qa7
Rb7 22. Qa6 Rfb8 23. Bg3 b4 24. Qc4 Nb6 25. Qe2 bxc3 26. bxc3 Nd5 27. Rec1 Rb1
28. dxc5 Nxc3 29. Qa6 Rxc1+ 30. Rxc1 Ra8 31. Qf1 dxc5 32. Nd2 Qd5 33. Nc4 Ra2
34. Kh2 Kh7 35. Nb6 Qf5 36. Nc4 Ne4 37. Nb6 Nxf2 0-1

[Event "chess.com SpeedChess Q2Sw"]
[Site "chess.com INT"]
[Date "2022.11.12"]
[Round "4"]
[White "Artemiev, Vladislav"]
[Black "Zhigalko, Sergei"]
[Result "1-0"]
[WhiteTitle "GM"]
[BlackTitle "GM"]
[WhiteElo "2701"]
[BlackElo "2572"]
[WhiteFideId "24101605"]
[BlackFideId "13502956"]
[EventDate "2022.11.12"]

1. d4 Nf6 2. c4 e6 3. Nf3 b6 4. g3 Ba6 5. Nbd2 Bb4 6. Qc2 Bb7 7. Bg2 Be4 8. Qd1
O-O 9. O-O Bxd2 10. Qxd2 d6 11. b3 Nbd7 12. Bb2 a5 13. Ne1 Bxg2 14. Kxg2 Qb8 15.
a4 e5 16. Nc2 Re8 17. Rad1 c6 18. Rfe1 b5 19. Ne3 bxa4 20. bxa4 Nb6 21. dxe5
dxe5 22. Nf5 h6 23. Qc2 c5 24. Ba1 Qc7 25. f3 Re6 26. e4 Qc6 27. Rb1 Qxa4 28.
Qxa4 Nxa4 29. Rb5 Rc8 30. Rxa5 Nb6 31. Ra6 Nfd7 32. Rd1 1-0

[Event "chess.com SpeedChess Q2Sw"]
[Site "chess.com INT"]
[Date "2022.11.12"]
[Round "4"]
[White "Sreyas, Payyappat"]
[Black "Vidit, Santosh Gujrathi"]
[Result "0-1"]
[WhiteTitle "FM"]
[BlackTitle "GM"]
[WhiteElo "2145"]
[BlackElo "2724"]
[WhiteFideId "46674969"]
[BlackFideId "5029465"]
[EventDate "2022.11.12"]

1. e4 c5 2. Nf3 Nc6 3. d4 cxd4 4. Nxd4 Nf6 5. Nc3 d6 6. Bg5 e6 7. Qd2 a6 8.
O-O-O Bd7 9. f3 Nxd4 10. Qxd4 Be7 11. h4 Qc7 12. Bxf6 Bxf6 13. Qxd6 Qxd6 14.
Rxd6 Ke7 15. Rd1 Bc6 16. Bd3 h5 17. f4 Bd4 18. Ne2 Be3+ 19. Kb1 Rad8 20. Rh3 Bc5
21. Kc1 g6 22. c3 Rd7 23. Bc2 Rxd1+ 24. Kxd1 Rd8+ 25. Ke1 a5 26. Rd3 Rc8 27. Ng3
b5 28. Ke2 b4 29. c4 a4 30. b3 Ra8 31. Kf3 f5 32. Rd2 Kf7 33. Ke2 axb3 34. axb3
Be7 35. exf5 exf5 36. Bxf5 gxf5 37. Nxf5 Bc5 38. Ng3 Rg8 39. Nxh5 Rxg2+ 40. Ke1
Rg1+ 41. Ke2 Kg6 42. Rd8 Kxh5 43. Rh8+ Kg4 44. Rc8 Bf3+ 45. Kd3 Bf2 46. Rg8+
Kxf4 47. Rxg1 Bxg1 48. h5 Bxh5 49. c5 Bxc5 50. Kc4 Bf8 51. Kb5 Bf7 52. Ka4 Ke3
53. Kb5 Bxb3 0-1

[Event "chess.com SpeedChess Q2Sw"]
[Site "chess.com INT"]
[Date "2022.11.12"]
[Round "4"]
[White "Shuvalova, Polina"]
[Black "Ljukin, Sergei"]
[Result "1-0"]
[WhiteTitle "IM"]
[BlackTitle "FM"]
[WhiteElo "2492"]
[BlackElo "2362"]
[WhiteFideId "24171760"]
[BlackFideId "14102200"]
[EventDate "2022.11.12"]

1. e4 e6 2. d4 d5 3. Nc3 Bb4 4. e5 Ne7 5. a3 Bxc3+ 6. bxc3 c5 7. a4 Qa5 8. Bd2
Nbc6 9. Bb5 Bd7 10. Qg4 O-O 11. Nf3 c4 12. h4 Nxe5 13. Nxe5 Bxb5 14. O-O Be8 15.
h5 Qa6 16. Rfe1 f6 17. Nf3 Bd7 18. Qf4 h6 19. a5 Rac8 20. Nh4 Qc6 21. Qg3 Kh8
22. Bf4 Be8 23. Qg4 Bf7 24. Bc1 Rfe8 25. Qf3 Qd7 26. Bxh6 Nf5 27. Nxf5 exf5 28.
Bf4 Re4 29. Re3 Qe8 30. Qh3 Qd7 31. Rxe4 dxe4 32. Re1 Re8 33. Re3 Kg8 34. Rg3
Kf8 35. h6 g5 36. h7 Ke7 37. Bxg5 Rh8 38. Bf4 1-0

[Event "chess.com SpeedChess Q2Sw"]
[Site "chess.com INT"]
[Date "2022.11.12"]
[Round "4"]
[White "Bochnicka, Vladimir ml."]
[Black "Kleiman, Jake"]
[Result "0-1"]
[WhiteTitle "FM"]
[BlackTitle "IM"]
[WhiteElo "2350"]
[BlackElo "2399"]
[WhiteFideId "14943450"]
[BlackFideId "2020041"]
[EventDate "2022.11.12"]

1. e4 e5 2. Nf3 Nc6 3. Bc4 Bc5 4. c3 Nf6 5. d3 O-O 6. Nbd2 d6 7. Nf1 a6 8. Bb3
Ba7 9. Ng3 h6 10. O-O Re8 11. h3 Be6 12. Re1 Qd7 13. Be3 Bxe3 14. Rxe3 Rad8 15.
Nh4 d5 16. Qf3 d4 17. Bxe6 fxe6 18. cxd4 Nxd4 19. Qd1 Qb5 20. b3 Rd7 21. Nh5 Rf8
22. Rg3 Nxe4 23. Rxg7+ Rxg7 24. Nxg7 Nxf2 25. Qh5 Qd7 26. Rf1 Nxh3+ 27. gxh3
Qxg7+ 28. Qg6 Nf3+ 29. Rxf3 Qxg6+ 30. Nxg6 Rxf3 31. Nxe5 Re3 32. Ng4 Rxd3 33.
Nxh6+ Kf8 34. Ng4 Rd2 35. h4 Rxa2 36. h5 Rb2 37. h6 Kg8 38. Nf6+ Kh8 0-1

[Event "chess.com SpeedChess Q2Sw"]
[Site "chess.com INT"]
[Date "2022.11.12"]
[Round "4"]
[White "Jegorovas, Aleksandras"]
[Black "Rohith, Krishna S"]
[Result "0-1"]
[WhiteTitle "FM"]
[BlackTitle "FM"]
[WhiteElo "2270"]
[BlackElo "2380"]
[WhiteFideId "12801950"]
[BlackFideId "46617051"]
[EventDate "2022.11.12"]

1. Nf3 g6 2. d4 Bg7 3. c4 c5 4. e4 d6 5. Nc3 Nf6 6. d5 O-O 7. h3 e6 8. Bd3 exd5
9. exd5 Re8+ 10. Be3 Nfd7 11. O-O Ne5 12. Nxe5 Bxe5 13. Qd2 Nd7 14. Bg5 Qa5 15.
Rae1 b6 16. Nb5 Qxd2 17. Bxd2 Rd8 18. f4 Bd4+ 19. Nxd4 cxd4 20. b4 a5 21. a3
axb4 22. axb4 Ra3 23. Rf3 Ra2 24. Bc1 b5 25. Rf2 Ra4 26. cxb5 Nb6 27. Bb2 Rxb4
28. Ba1 Nxd5 29. f5 Bxf5 30. Bxf5 gxf5 31. Rxf5 Nc3 32. Rg5+ Kf8 33. Kh2 Ra8 34.
Rg4 Nxb5 35. Rd1 Raa4 36. h4 Nc3 37. Re1 h5 38. Rg5 Nb1 39. Rxh5 Rxa1 40. Rh8+
Kg7 41. Ree8 d3 42. g4 d2 43. g5 Rxh4+ 0-1

[Event "chess.com SpeedChess Q2Sw"]
[Site "chess.com INT"]
[Date "2022.11.12"]
[Round "4"]
[White "Tokhirjonova, Gulrukhbegim"]
[Black "Jumabayev, Rinat"]
[Result "0-1"]
[WhiteTitle "WGM"]
[BlackTitle "GM"]
[WhiteElo "2328"]
[BlackElo "2620"]
[WhiteFideId "14203626"]
[BlackFideId "13702661"]
[EventDate "2022.11.12"]

1. e4 c5 2. Nf3 d6 3. d4 cxd4 4. Nxd4 Nf6 5. Nc3 a6 6. h3 e5 7. Nde2 h5 8. g3
Be6 9. Bg2 Nbd7 10. Be3 b5 11. a3 Rc8 12. O-O Be7 13. f4 Nc5 14. Qe1 Qc7 15. Rd1
Qb8 16. Qf2 a5 17. b4 axb4 18. axb4 Ncd7 19. Nd5 Bxd5 20. exd5 Rxc2 21. Rc1 Rb2
22. Rb1 Rxb1 23. Rxb1 O-O 24. Rc1 Re8 25. Kh2 Bf8 26. Bf3 Qa8 27. Rc7 e4 28. Bg2
Qxd5 29. Nc3 Qb3 30. Nxb5 Qxb4 31. Nd4 Nc5 32. Nf5 Qb6 33. Rxc5 dxc5 34. Qc2 g6
35. Nh4 Nd5 36. Bg1 Qe6 37. Qc4 Nxf4 38. Qb5 Nxg2 39. Nxg2 Rc8 40. Nf4 Qc6 41.
Qc4 Re8 42. Be3 Qd6 43. h4 Re5 44. Ne2 Qd3 45. Qa2 Qxe3 0-1

[Event "chess.com SpeedChess Q2Sw"]
[Site "chess.com INT"]
[Date "2022.11.12"]
[Round "4"]
[White "Swiercz, Dariusz"]
[Black "Goltseva, Ekaterina"]
[Result "1-0"]
[WhiteTitle "GM"]
[BlackTitle "FM"]
[WhiteElo "2646"]
[BlackElo "2265"]
[WhiteFideId "1126881"]
[BlackFideId "24173770"]
[EventDate "2022.11.12"]

1. e4 e5 2. Nf3 Nf6 3. Nxe5 Nxe4 4. Qe2 Qe7 5. Qxe4 d6 6. d4 dxe5 7. dxe5 Nc6 8.
Nc3 Qxe5 9. Qxe5+ Nxe5 10. Nb5 Bb4+ 11. c3 Ba5 12. Bf4 f6 13. O-O-O a6 14. Nd4
O-O 15. g3 Bg4 16. Rd2 Nf3 17. Bc4+ Kh8 18. Nxf3 Bxf3 19. Re1 Rad8 20. Re7 b5
21. Bb3 c5 22. Be6 Rxd2 23. Kxd2 g5 24. Bc7 Bxc7 25. Rxc7 Rd8+ 26. Ke3 g4 27.
Rc8 Rxc8 28. Bxc8 a5 29. a3 Kg7 30. b4 cxb4 31. cxb4 axb4 32. axb4 Bc6 33. Bxg4
Kg6 34. f4 h5 35. Be2 f5 36. Kd4 h4 37. Kc5 Be4 38. Kxb5 hxg3 39. hxg3 Kf6 40.
Kc5 Ke6 41. b5 Bg2 42. Bc4+ 1-0

[Event "chess.com SpeedChess Q2Sw"]
[Site "chess.com INT"]
[Date "2022.11.12"]
[Round "4"]
[White "Eljanov, Pavel"]
[Black "Gubajdullin, Alexei"]
[Result "0-1"]
[WhiteTitle "GM"]
[BlackTitle "FM"]
[WhiteElo "2706"]
[BlackElo "2300"]
[WhiteFideId "14102951"]
[BlackFideId "4141202"]
[EventDate "2022.11.12"]

1. d4 Nf6 2. Nf3 g6 3. Bf4 Bg7 4. e3 O-O 5. h3 d6 6. Be2 Nc6 7. O-O Nd7 8. Bh2
e5 9. c4 f5 10. Nc3 g5 11. d5 Ncb8 12. b4 h5 13. e4 g4 14. hxg4 fxg4 15. Ne1 a5
16. a3 axb4 17. axb4 Rxa1 18. Qxa1 Qg5 19. Nc2 h4 20. Qc1 Qg6 21. g3 Nf6 22.
gxh4 Nxe4 23. Nxe4 Qxe4 24. Qd1 Rf3 25. Bxf3 gxf3 26. Bg3 Qxc4 27. Ne3 Qe4 28.
Qc2 Qxc2 29. Nxc2 c6 30. Ra1 Na6 31. b5 cxb5 32. Ra3 Bf5 33. Ne3 Be4 34. h5 b4
35. Ra5 Bd3 36. Nf1 b3 37. Nd2 b2 38. Ra3 Nc5 39. Rc3 Bh6 0-1

[Event "chess.com SpeedChess Q2Sw"]
[Site "chess.com INT"]
[Date "2022.11.12"]
[Round "4"]
[White "Akobian, Varuzhan"]
[Black "Kazakov, Mikhail"]
[Result "1/2-1/2"]
[WhiteTitle "GM"]
[BlackTitle "GM"]
[WhiteElo "2591"]
[BlackElo "2513"]
[WhiteFideId "13300580"]
[BlackFideId "14102749"]
[EventDate "2022.11.12"]

1. d4 Nf6 2. c4 g6 3. Nc3 d5 4. Bg5 Bg7 5. e3 c5 6. dxc5 Qa5 7. Qd2 dxc4 8. Bxc4
Qxc5 9. Bb5+ Bd7 10. Bxd7+ Nbxd7 11. Nf3 O-O 12. O-O Nb6 13. Rac1 Rad8 14. Qe2
Qa5 15. h3 Nbd5 16. Nxd5 Rxd5 17. Bxf6 Bxf6 18. b3 Rd7 19. Rfd1 Rfd8 20. Rxd7
Rxd7 21. g4 h6 22. Kg2 Qd5 23. Rc2 a6 24. Rd2 Qc6 25. Rxd7 Qxd7 26. Qc4 Qc6 27.
Qxc6 bxc6 28. e4 Kf8 29. e5 Bg7 30. Kg3 Ke8 31. Kf4 Kd7 32. Ke4 f6 33. Nh4 g5
34. Nf5 Bf8 35. exf6 exf6 36. h4 gxh4 37. Nxh4 Ke6 38. Nf5 a5 39. f3 Kd7 40. Nd4
Bc5 41. Nf5 Bf8 42. Kd4 Ke6 43. Ke4 Kd7 1/2-1/2

[Event "chess.com SpeedChess Q2Sw"]
[Site "chess.com INT"]
[Date "2022.11.12"]
[Round "4"]
[White "Erdogdu, Mert"]
[Black "Salman, Pavel"]
[Result "1-0"]
[WhiteTitle "GM"]
[BlackTitle "FM"]
[WhiteElo "2413"]
[BlackElo "2287"]
[WhiteFideId "6301495"]
[BlackFideId "24153753"]
[EventDate "2022.11.12"]

1. e4 c5 2. Nf3 e6 3. d4 cxd4 4. Nxd4 a6 5. c4 Nf6 6. Nc3 Qc7 7. a3 b6 8. Be3
Bb7 9. f3 Be7 10. Qd2 d6 11. Be2 Nbd7 12. O-O O-O 13. Rfc1 Rfb8 14. b4 Qd8 15.
Rab1 Qf8 16. Bf1 Rd8 17. Qf2 g6 18. Na4 Rab8 19. Nb3 b5 20. cxb5 axb5 21. Nc3 d5
22. Na5 dxe4 23. Nxb7 Rxb7 24. Bxb5 exf3 25. gxf3 Ne5 26. Qe2 Nd5 27. Nxd5 Rxd5
28. Ba6 Rbd7 29. Rc8 Rd8 30. Rbc1 Kg7 31. Rxd8 Qxd8 32. f4 Nd3 33. Rc3 Nxb4 34.
axb4 Bxb4 35. Rd3 Qa5 36. Rxd5 Qxd5 37. Bc4 Qb7 38. Qb2+ Kg8 39. Qe5 Bf8 40. Bd4
Qb1+ 41. Bf1 f6 42. Qxe6+ Kg7 43. Qxf6+ Kg8 44. Qe6# 1-0

[Event "chess.com SpeedChess Q2Sw"]
[Site "chess.com INT"]
[Date "2022.11.12"]
[Round "4"]
[White "Deev, Andrei"]
[Black "Primbetov, Kazbek"]
[Result "0-1"]
[WhiteTitle "IM"]
[BlackTitle "FM"]
[WhiteElo "2390"]
[BlackElo "2156"]
[WhiteFideId "4102690"]
[BlackFideId "13702297"]
[EventDate "2022.11.12"]

1. e4 c5 2. Nf3 e6 3. c3 Nf6 4. e5 Nd5 5. d4 cxd4 6. cxd4 b6 7. Nc3 Bb7 8. Bd3
Na6 9. O-O Nab4 10. Bb1 Rc8 11. Ne4 Qc7 12. a3 Nc2 13. Ra2 a5 14. Nd6+ Bxd6 15.
exd6 Qc4 16. b3 Qxb3 17. Rxc2 Qxb1 18. Rxc8+ Bxc8 19. Ne5 f6 20. Qh5+ g6 21. Qh6
fxe5 22. Qg7 Rf8 23. Bh6 Qf5 24. dxe5 Ba6 25. Qxh7 Bxf1 26. Bxf8 Qxf8 27. Kxf1
Kd8 28. Qxg6 Kc8 29. h4 Kb7 30. h5 Ne3+ 31. Ke2 Nf5 32. g4 Nd4+ 33. Ke3 Nc6 34.
Qe4 Qg7 35. f3 Ka7 36. f4 Qxg4 0-1

[Event "chess.com SpeedChess Q2Sw"]
[Site "chess.com INT"]
[Date "2022.11.12"]
[Round "4"]
[White "Yuan, Qingyu"]
[Black "Borisova, Ekaterina"]
[Result "0-1"]
[BlackTitle "FM"]
[WhiteElo "2373"]
[BlackElo "2223"]
[WhiteFideId "8609772"]
[BlackFideId "34124184"]
[EventDate "2022.11.12"]

1. e4 c6 2. Nf3 d5 3. Nc3 dxe4 4. Nxe4 Nf6 5. Qe2 Nxe4 6. Qxe4 Qa5 7. b4 Qd5 8.
Qe3 Bf5 9. c4 Qe4 10. Bb2 e6 11. Bc3 a5 12. bxa5 Na6 13. Be2 Nc5 14. O-O Na4 15.
Bd4 Qxe3 16. fxe3 c5 17. Be5 f6 18. Bc7 Kd7 19. Bg3 Rxa5 20. Nh4 Be4 21. d3 Bc6
22. d4 Nc3 23. Bd3 Bd6 24. Be1 Ra3 25. Bc2 Rha8 26. Nf3 b5 27. cxb5 Bxb5 28. Rf2
Ne2+ 29. Kh1 Rxa2 30. Rxa2 Rxa2 31. Bd1 Nc1 32. Rxa2 Nxa2 33. dxc5 Bxc5 34. Nd4
Bc4 35. Bc2 g6 36. Bd2 e5 37. Nf3 Nb4 38. Ba4+ Ke6 39. h3 Nd3 40. Kh2 Ba7 41. g4
e4 42. Nd4+ Bxd4 43. exd4 Kd5 44. Be3 f5 45. Kg3 f4+ 46. Bxf4 Nxf4 47. Kxf4 Kxd4
48. Kg5 e3 49. Bd1 Kc3 50. Kh6 Kd2 51. Bf3 Be2 52. Bd5 Bd1 53. Bc4 Bc2 54. Kxh7
Bd3 55. Bxd3 Kxd3 56. Kxg6 e2 57. h4 e1=Q 58. h5 Qe6+ 59. Kh7 Qxg4 60. h6 Qg5
61. Kh8 Qxh6+ 62. Kg8 Qb6 63. Kh8 Ke4 0-1

[Event "chess.com SpeedChess Q2Sw"]
[Site "chess.com INT"]
[Date "2022.11.12"]
[Round "4"]
[White "Alekseenko, Kirill"]
[Black "Koc, Przemyslaw"]
[Result "1-0"]
[WhiteTitle "GM"]
[WhiteElo "2687"]
[BlackElo "2346"]
[WhiteFideId "4135539"]
[BlackFideId "1109081"]
[EventDate "2022.11.12"]

1. e4 e5 2. Nf3 Nf6 3. Nc3 Nc6 4. Bb5 Nd4 5. Bc4 c6 6. Nxd4 exd4 7. Ne2 Nxe4 8.
d3 Nf6 9. Nxd4 d5 10. Bb3 Be7 11. Bg5 O-O 12. Qd2 h6 13. Bh4 Nh5 14. Bxe7 Qxe7+
15. Qe3 Re8 16. Qxe7 Rxe7+ 17. Kd2 Nf4 18. Rae1 Kf8 19. Rxe7 Kxe7 20. Re1+ Kf8
21. g3 Ne6 22. Nxe6+ Bxe6 23. d4 a5 24. c3 a4 25. Bc2 a3 26. b4 b6 27. Bd3 Ke7
28. f4 Kd6 29. f5 Bd7 30. g4 c5 31. bxc5+ bxc5 32. dxc5+ Kxc5 33. Re7 Be8 34.
Bc2 Kd6 35. Rb7 Bd7 36. Bb3 h5 37. g5 f6 38. g6 h4 39. Bxd5 Bxf5 40. c4 Ra6 41.
Rxg7 Rb6 42. Rg8 Rb2+ 43. Kc3 Rxa2 44. g7 Bh7 45. Rh8 Rxh2 46. Rxh7 a2 47. c5+
Kxd5 48. g8=Q+ Ke5 49. Re7+ Kf4 50. Re1 1-0

[Event "chess.com SpeedChess Q2Sw"]
[Site "chess.com INT"]
[Date "2022.11.12"]
[Round "4"]
[White "Sjugirov, Sanan"]
[Black "Grycel, Kamil"]
[Result "1-0"]
[WhiteTitle "GM"]
[BlackTitle "FM"]
[WhiteElo "2712"]
[BlackElo "2315"]
[WhiteFideId "4189302"]
[BlackFideId "1115499"]
[EventDate "2022.11.12"]

1. d4 Nf6 2. Nf3 e6 3. Bg5 h6 4. Bh4 c5 5. e3 b6 6. Nbd2 Bb7 7. c3 Be7 8. Bd3
cxd4 9. exd4 Nd5 10. Bxe7 Qxe7 11. g3 Nc6 12. Qe2 Rc8 13. h4 f5 14. Nc4 O-O 15.
Rg1 Ba6 16. Nce5 Nxe5 17. Nxe5 Bxd3 18. Qxd3 Rfe8 19. O-O-O Nb4 20. Qb1 d6 21.
Nd3 a5 22. a3 Nd5 23. a4 Qc7 24. Kd2 Qc4 25. Nf4 Nf6 26. Qd3 Ne4+ 27. Ke2 Qb3
28. Rb1 e5 29. dxe5 Rxe5 30. Kf3 Qxa4 31. Kg2 Qc6 32. f3 Nc5 33. Qc4+ d5 34. Qd4
Rce8 35. Rbd1 Ne6 36. Qxe5 Nxf4+ 37. Qxf4 Re2+ 38. Kh3 Qe6 39. Rd2 Kh7 40. Rxe2
Qxe2 41. Qxf5+ Kh8 42. Qf8+ Kh7 43. Qf5+ Kh8 44. Qxd5 Qf2 45. Rd1 Qe2 46. Qd8+
Kh7 47. Qd3+ 1-0

[Event "chess.com SpeedChess Q2Sw"]
[Site "chess.com INT"]
[Date "2022.11.12"]
[Round "4"]
[White "Duda, Jan-Krzysztof"]
[Black "Vogel, Roven"]
[Result "1/2-1/2"]
[WhiteTitle "GM"]
[BlackTitle "IM"]
[WhiteElo "2731"]
[BlackElo "2461"]
[WhiteFideId "1170546"]
[BlackFideId "12908088"]
[EventDate "2022.11.12"]

1. d4 d5 2. Nf3 Nf6 3. Bf4 c5 4. e3 Nc6 5. c3 Qb6 6. Qc2 g6 7. Nbd2 Bg7 8. h3
Bf5 9. Qb3 c4 10. Qa3 O-O 11. b3 cxb3 12. axb3 Rfe8 13. Bh2 Ne4 14. Nxe4 Bxe4
15. Be2 e5 16. O-O exd4 17. cxd4 Nb4 18. Bc7 Qxc7 19. Qxb4 Bf8 20. Qd2 Rec8 21.
Ng5 Bf5 22. Bg4 Bxg4 23. hxg4 Qd7 24. Qd1 Rc3 25. Nh3 Bd6 26. g5 Qf5 27. Rc1
Rac8 28. Rxc3 Rxc3 29. Qa1 Rxb3 30. Qxa7 Rb1 31. f4 Rxf1+ 32. Kxf1 Qb1+ 33. Kf2
Qc2+ 34. Kf3 Qe4+ 35. Kf2 b5 36. Qa8+ Bf8 37. Qa2 b4 38. Qb3 Be7 39. Kf1 Qe6 40.
Nf2 Qa6+ 41. Ke1 Qa1+ 42. Ke2 Qa5 43. Nd3 Qb5 44. Kd2 Bd6 45. g4 Be7 46. Ne5 Bd6
47. Nd3 Be7 48. Kc2 Bd6 49. Kd2 1/2-1/2

[Event "chess.com SpeedChess Q2Sw"]
[Site "chess.com INT"]
[Date "2022.11.12"]
[Round "4"]
[White "Krishnakumar, Sriram"]
[Black "Goroshkov, Maksym"]
[Result "0-1"]
[WhiteTitle "FM"]
[BlackTitle "FM"]
[WhiteElo "2248"]
[BlackElo "2261"]
[WhiteFideId "30915856"]
[BlackFideId "14142716"]
[EventDate "2022.11.12"]

1. e4 e5 2. Nf3 d6 3. d4 Bg4 4. dxe5 Nd7 5. exd6 Bxd6 6. h3 Bh5 7. Be2 Ngf6 8.
Nc3 Qe7 9. Nd2 Bg6 10. Bf3 O-O-O 11. O-O Bf4 12. Qe2 Ne5 13. Nc4 Nxf3+ 14. Qxf3
Bxc1 15. Raxc1 Bxe4 16. Nxe4 Qxe4 17. Qxe4 Nxe4 18. Rfe1 Rhe8 19. Rcd1 Rxd1 20.
Rxd1 Nf6 21. Kf1 Re4 22. b3 b6 23. a4 a5 24. Re1 Rxe1+ 25. Kxe1 Kd7 26. Ke2 Ke6
27. Kd3 Nd5 28. g3 Nb4+ 29. Kd2 Kd5 30. c3 Nc6 31. Ke3 f6 32. Na3 Ne7 33. Nb5
Kc6 34. Ke4 Kd7 35. b4 c6 36. Nd4 Nd5 37. bxa5 Nxc3+ 38. Kd3 Nxa4 39. axb6 Nxb6
40. Nf5 g6 41. Ne3 Ke6 42. h4 c5 43. g4 f5 44. gxf5+ gxf5 45. Ng2 Ke5 46. h5 Nd5
47. Kc4 Nf4 48. Ne3 Ke4 49. Kxc5 Nd3+ 50. Kd6 Nxf2 51. Nd5 f4 52. Nf6+ Kf5 53.
Nxh7 f3 54. h6 Ne4+ 55. Ke7 f2 56. Nf8 Ng5 57. h7 Nxh7 58. Nxh7 f1=Q 0-1